Statistics for Words that are the most misspelled

Click here to take the quiz!

General Stats

  • This quiz has been taken 30 times
  • The average score is 8 of 23

Answer Stats

Starting LetterSynonym(s)Over 7 letters long?Answer% Correct
CGraveyardYesCemetery
77%
RBeat, Pattern, TempoNoRhythm
73%
WUncannyNoWeird
73%
APolar, NorthernNoArctic
59%
HTissueYesHandkerchief
50%
LContact, Cooperation, AffairNoLiaison
50%
MConservation, Upkeep, CareYesMaintenance
50%
EBliss, 'Cloud Nine', DelightNoEcstasy
41%
PDramatistYesPlaywright
41%
EShame, Mortify, UpsetYesEmbarrass
36%
HIrritate, Badger, Nag, AnnoyNoHarass
36%
ICharge with, AccuseNoIndict
36%
P- (Leader of the sandy past)NoPharaoh
27%
CMorals, QualmsYesConscience
23%
M- (10^10 has nothing on this year-full system)NoMillennium
23%
SReplace, Succeed, Come afterYesSupersede
23%
ALodge, HoldYesAccommodate
18%
CGet better, Recover, ImproveYesConvalesce
18%
RApprove, Push, SuggestYesRecommend
14%
PAccent, Speech, UtteringYesPronunciation
9%
C- (Real Place with Jelly Love)YesCaribbean
0%
DSubtract, Remove, AbstractYesDeductible
0%
OWas found, AroseYesOccurred
0%

Score Distribution

Percentile by Number Answered

Percent of People with Each Score

Your Score History

You have not taken this quiz